| 000 | 00000nam 2200000za 4500 |
| 001 | 9.826583 |
| 003 | CaOODSP |
| 005 | 20250303104653 |
| 007 | cr ||||||||||| |
| 008 | 161028s1929 oncao|| o f000 0 eng d |
| 040 | |aCaOODSP|beng |
| 086 | 1 |aA12-2/113-1929E-PDF |
| 100 | 1 |aPreston, Isabella. |
| 245 | 10|aHerbaceous perennials, with lists of varieties for special purposes and districts |h[electronic resource] / |cby Isabella Preston. |
| 260 | |aOttawa : |bDepartment of Agriculture : |bDivision of Horticulture, Dominion Experimental Farms, |c1929. |
| 300 | |a70 p. : |bill. |
| 490 | 1 |aBulletin, New series ; |vno. 113 |
| 500 | |aCover title. |
| 500 | |a[Historical publication digitized by the Internet Archives from the collection of Agriculture and Agri-Food Canada]. |
| 500 | |aIssued also in French under title: Fleurs vivaces de pleine terre et liste de variétés pour certains districts et pour certaines fins. |
| 520 | 0 |aThis bulletin describes perennial gardens and provides information on: propagation; planting; staking; insect pests and diseases; best species and varieties. Also included are a lists of twenty-five herbaceous perennials, twelve bulbous plants for the perennial border, plants for positions with very little sun, plants for dry situations and twenty-five perennials recommended for various sections of Canada. |
| 692 | 07|2gccst|aOrnamental plants |
| 710 | 1 |aCanada. |bDepartment of Agriculture. |
| 710 | 2 |aDominion Experimental Farms and Stations (Canada) |
| 775 | 08|tFleurs vivaces de pleine terre et liste de variétés pour certains districts et pour certains fins / |w(CaOODSP)9.905826 |
| 830 | #0|aBulletin (Canada. Department of Agriculture)|v113|w(CaOODSP)9.812039 |
| 856 | 40|qPDF|s7.99 MB|uhttps://publications.gc.ca/collections/collection_2016/aac-aafc/agrhist/A12-2-113-1929-eng.pdf |